[Event "CP-2013-P-00062"]
[Site "LSS email"]
[Date "2013.09.30"]
[Round "?"]
[White "Daenen, Serge"]
[Black "Wellen, Loyd"]
[Result "1-0"]
[WhiteElo "2045"]
[BlackElo "2008"]
[PlyCount "43"]
[EventDate "2013.10.01"]
[EventType "tourn (corr)"]
[EventRounds "6"]
[EventCountry "GER"]
[SourceTitle "Corr 2015"]
[Source "ChessBase"]
[SourceDate "2015.07.17"]
[SourceVersion "1"]
[SourceVersionDate "2015.07.17"]
[SourceQuality "1"]

1. d4 Nf6 2. c4 g6 3. Nc3 Bg7 4. e4 d6 5. f3 0-0 6. Nge2 c5 7. Be3 Nc6 8. d5 Ne5 9. Ng3 h5 10. Be2 Re8 11. 0-0 a6 12. h3 Qa5 13. f4 Ned7 14. e5 dxe5 15. f5 e4 16. fxg6 fxg6 17. Ngxe4 Nxe4 18. Nxe4 Bxb2 19. Bxh5 Qa3 20. Bf2 gxh5 21. Qxh5 Rd8 22. d6 1-0

[Event "BI-2013-P-00019"]
[Site "LSS email"]
[Date "2013.04.22"]
[Round "?"]
[White "Grabowski, Benedykt"]
[Black "Daenen, Serge"]
[Result "0-1"]
[WhiteElo "1855"]
[BlackElo "2077"]
[PlyCount "116"]
[EventDate "2013.04.25"]
[EventType "tourn (corr)"]
[EventRounds "10"]
[EventCountry "GER"]
[SourceTitle "Telechess CBM 167"]
[Source "ChessBase"]
[SourceDate "2015.07.13"]
[SourceVersion "1"]
[SourceVersionDate "2015.07.13"]
[SourceQuality "1"]

1. d4 f5 2. Bg5 g6 3. Nd2 Bg7 4. e4 fxe4 5. Nxe4 d5 6. Nc3 c6 7. Bd3 Nh6 8. Nf3 Nf7 9. Be3 Nd7 10. Qd2 e5 11. Be2 0-0 12. 0-0-0 Nd6 13. dxe5 Nxe5 14. Nxe5 Bxe5 15. f4 Bg7 16. Bd4 Bxd4 17. Qxd4 Qf6 18. Qxf6 Rxf6 19. g3 Bh3 20. Rhe1 Re8 21. Bd3 Rfe6 22. Rxe6 Rxe6 23. Kd2 d4 24. Na4 b6 25. c3 Ne4+ 26. Bxe4 Rxe4 27. b3 Bg4 28. Re1 Rxe1 29. Kxe1 b5 30. Nc5 dxc3 31. Ne4 Bf5 32. Nxc3 b4 33. Nd1 Kf7 34. Ne3 h5 35. Kd2 Ke6 36. Nc2 Bxc2 37. Kxc2 Kf5 38. Kd3 c5 39. Ke3 Kg4 40. Ke4 Kh3 41. f5 gxf5+ 42. Kxf5 a6 43. Kf4 Kxh2 44. Kf3 Kh3 45. Kf2 Kg4 46. Kg2 Kf5 47. Kf3 Ke5 48. Ke3 Kd5 49. Kf4 c4 50. bxc4+ Kxc4 51. Kg5 a5 52. Kxh5 a4 53. g4 b3 54. axb3+ axb3 55. g5 b2 56. g6 b1Q 57. Kg5 Kd5 58. Kf6 Qf1+ 0-1

[Event "BI-2013-P-00019"]
[Site "LSS email"]
[Date "2013.04.22"]
[Round "?"]
[White "Kraujunas, Vladas"]
[Black "Daenen, Serge"]
[Result "0-1"]
[WhiteElo "1630"]
[BlackElo "2077"]
[PlyCount "104"]
[EventDate "2013.04.25"]
[EventType "tourn (corr)"]
[EventRounds "10"]
[EventCountry "GER"]
[SourceTitle "Telechess CBM 167"]
[Source "ChessBase"]
[SourceDate "2015.07.13"]
[SourceVersion "1"]
[SourceVersionDate "2015.07.13"]
[SourceQuality "1"]

1. e4 e5 2. Nf3 Nc6 3. Bb5 Bd6 4. 0-0 a6 5. Ba4 b5 6. Bb3 Bb7 7. d3 Nf6 8. c3 h6 9. Nh4 0-0 10. Qf3 Kh8 11. Nf5 Ng8 12. a4 Nce7 13. Nxd6 cxd6 14. Qe2 bxa4 15. Bxa4 Qc7 16. Nd2 Ng6 17. g3 Nf6 18. Re1 d5 19. c4 dxc4 20. Nxc4 d5 21. exd5 Bxd5 22. Bd2 Qb7 23. Bc3 Bf3 24. Qf1 Rfd8 25. Nxe5 Nxe5 26. Rxe5 Nd5 27. Rc1 Rd6 28. Bd1 Bxd1 29. Qxd1 Kg8 30. d4 f6 31. Re1 Qd7 32. Rc2 f5 33. Bd2 f4 34. Rc5 Rf8 35. Qb3 Qf7 36. Re2 Kh7 37. Qd3+ Kh8 38. g4 f3 39. Re5 Nf4 40. Bxf4 Qxf4 41. Re4 Re6 42. Rce5 Rxe5 43. dxe5 Qc1+ 44. Qf1 Qxb2 45. e6 Re8 46. h3 Re7 47. Qd1 Qf6 48. Qd5 Qa1+ 49. Kh2 Qf1 50. Kg3 Qg2+ 51. Kh4 g5+ 52. Kh5 Rg7 0-1

[Event "BI-2013-P-00019"]
[Site "LSS email"]
[Date "2013.04.22"]
[Round "?"]
[White "Zakharov, Oleg Yu"]
[Black "Daenen, Serge"]
[Result "1-0"]
[WhiteElo "2281"]
[BlackElo "2177"]
[PlyCount "97"]
[EventDate "2013.04.25"]
[EventType "tourn (corr)"]
[EventRounds "10"]
[EventCountry "GER"]
[SourceTitle "Corr 2022"]
[Source "ChessBase"]
[SourceDate "2021.10.24"]
[SourceVersion "1"]
[SourceVersionDate "2021.10.24"]
[SourceQuality "1"]

1. d4 f5 2. g3 Nf6 3. Bg2 g6 4. c4 Bg7 5. Nc3 0-0 6. Nf3 d6 7. 0-0 Qe8 8. d5 a5 9. Nd4 Na6 10. b3 Bd7 11. Bb2 c6 12. Qc2 Nc5 13. Rad1 e5 14. dxe6 Bxe6 15. Bc1 Bf7 16. Bf4 Rd8 17. Nf3 Qe7 18. Ng5 Be8 19. Qd2 Nh5 20. Be3 Rd7 21. Nf3 f4 22. Bd4 Bxd4 23. Nxd4 fxg3 24. hxg3 Nf6 25. e4 Nfxe4 26. Nxe4 Nxe4 27. Qxa5 Bf7 28. Rde1 d5 29. cxd5 cxd5 30. Re2 Qf6 31. Rd1 Re7 32. Qb4 h5 33. Rde1 Rfe8 34. Nb5 Qb6 35. a4 Rd7 36. a5 Qf6 37. Qd4 Qc6 38. Qb4 Qf6 39. f3 Nd6 40. Rxe8+ Nxe8 41. Bh3 Rd8 42. Nd4 Ng7 43. Qd2 Qd6 44. Kg2 h4 45. Qg5 Ra8 46. Qxh4 Rxa5 47. Re2 Ra1 48. Qh6 Qa6 49. Qd2 1-0

[Event "BI-2012-F-00008"]
[Site "LSS email"]
[Date "2013.02.15"]
[Round "?"]
[White "Daenen, Serge"]
[Black "Degterev, Pavel"]
[Result "0-1"]
[WhiteElo "2065"]
[BlackElo "2216"]
[PlyCount "118"]
[EventDate "2013.02.20"]
[EventType "tourn (corr)"]
[EventRounds "10"]
[EventCountry "GER"]
[SourceTitle "Telechess CBM 167"]
[Source "ChessBase"]
[SourceDate "2015.07.13"]
[SourceVersion "1"]
[SourceVersionDate "2015.07.13"]
[SourceQuality "1"]

1. d4 Nf6 2. c4 c5 3. d5 e6 4. Nf3 exd5 5. cxd5 d6 6. e4 g6 7. h3 Bg7 8. Bd3 0-0 9. 0-0 c4 10. Bc2 b5 11. Re1 Bb7 12. Nc3 a6 13. Bf4 Qc7 14. Qd2 Nbd7 15. Nd4 Rfc8 16. Rad1 Nc5 17. Bh6 Bh8 18. Bf4 Nfd7 19. Nc6 Re8 20. Bg3 Rac8 21. b4 cxb3 22. axb3 Bxc6 23. dxc6 Qxc6 24. Nd5 Nb6 25. Nxb6 Qxb6 26. Qxd6 Qa5 27. e5 Bg7 28. Qd5 Ne6 29. Bb1 Red8 30. Qf3 Qb4 31. Be4 Rxd1 32. Qxd1 Rd8 33. Qb1 a5 34. Bf3 Nd4 35. Rd1 Bf8 36. e6 Nxf3+ 37. gxf3 Rxd1+ 38. Qxd1 fxe6 39. Qd8 Qxb3 40. Kg2 Qd5 41. Qxa5 g5 42. Qc7 h5 43. Qc2 Bg7 44. Qc8+ Kh7 45. Qc2+ Kh6 46. h4 Bf6 47. hxg5+ Qxg5 48. Kh2 h4 49. Bc7 Qd5 50. Bf4+ Kg7 51. Qc7+ Kg6 52. Qc2+ Qf5 53. Qd2 h3 54. Qe3 b4 55. Bd6 Bd4 56. Qb3 Bc3 57. Qc4 Qd5 58. Qg4+ Kf7 59. Bxb4 Bxb4 0-1

[Event "BI-2012-F-00008"]
[Site "LSS email"]
[Date "2013.02.15"]
[Round "?"]
[White "Lehnberger, Karl"]
[Black "Daenen, Serge"]
[Result "1-0"]
[WhiteElo "2168"]
[BlackElo "2065"]
[PlyCount "111"]
[EventDate "2013.02.20"]
[EventType "tourn (corr)"]
[EventRounds "10"]
[EventCountry "GER"]
[SourceTitle "Telechess CBM 167"]
[Source "ChessBase"]
[SourceDate "2015.07.13"]
[SourceVersion "1"]
[SourceVersionDate "2015.07.13"]
[SourceQuality "1"]

1. e4 e5 2. Nf3 Nc6 3. Bb5 Bd6 4. c3 a6 5. Ba4 Nf6 6. 0-0 b5 7. Bc2 0-0 8. d4 Bb7 9. Nbd2 Re8 10. Re1 h6 11. h3 Rb8 12. a3 Bf8 13. dxe5 Nxe5 14. Nxe5 Rxe5 15. Nf3 Rxe4 16. Bxe4 Bxe4 17. Bf4 d6 18. Bg3 c5 19. Bh4 Bf5 20. Nh2 g5 21. Bg3 Be6 22. f4 gxf4 23. Bxf4 Nd5 24. Bg3 Qg5 25. Qf3 Nf6 26. Rad1 Bb3 27. Rd3 Bc4 28. Bf4 Qg6 29. Rd2 Rd8 30. Qc6 Nh5 31. Rf2 Nxf4 32. Rxf4 Bg7 33. Rg4 Qd3 34. Nf3 a5 35. Rg3 Qd5 36. Qc7 Ra8 37. Qd7 Kh7 38. Qg4 Rg8 39. Kh1 Bd3 40. Rd1 c4 41. Ne1 h5 42. Qg5 Qxg5 43. Rxg5 Be2 44. Rxd6 b4 45. axb4 axb4 46. Nf3 Rc8 47. Rxh5+ Kg8 48. Rg5 bxc3 49. bxc3 Bxf3 50. gxf3 Kf8 51. Rdd5 Bxc3 52. Rc5 Rd8 53. Rxc4 Rd3 54. Kg2 f6 55. Rb5 Kg7 56. Kf2 1-0

[Event "CP-2012-P-00051"]
[Site "LSS email"]
[Date "2012.10.01"]
[Round "?"]
[White "Sampaio Vianna Braga, Carlos Fernando"]
[Black "Daenen, Serge"]
[Result "0-1"]
[WhiteElo "1337"]
[BlackElo "2083"]
[PlyCount "48"]
[EventDate "2012.10.05"]
[EventType "tourn (corr)"]
[EventRounds "6"]
[EventCountry "GER"]
[SourceTitle "Telechess CBM 161"]
[Source "ChessBase"]
[SourceDate "2014.07.16"]
[SourceVersion "1"]
[SourceVersionDate "2014.07.16"]
[SourceQuality "1"]

1. d4 f5 2. Nf3 Nf6 3. g3 g6 4. Bg2 Bg7 5. c4 0-0 6. Nc3 d6 7. 0-0 Qe8 8. b3 e5 9. dxe5 dxe5 10. e4 Nc6 11. Nd5 Qd7 12. Ba3 Rd8 13. Ng5 h6 14. exf5 hxg5 15. fxg6 e4 16. Qe2 Qg4 17. Qc2 Nd4 18. Ne7+ Kh8 19. Rad1 Be6 20. Qb1 Nf3+ 21. Bxf3 Qxf3 22. Nd5 Rxd5 23. Rd3 Rxd3 24. Qxd3 exd3 0-1

[Event "BI-2012-P-00033"]
[Site "LSS email"]
[Date "2012.04.20"]
[Round "?"]
[White "Chukanov, Igor Anatolievich"]
[Black "Daenen, Serge"]
[Result "1-0"]
[WhiteElo "2233"]
[BlackElo "2096"]
[PlyCount "117"]
[EventDate "2012.04.22"]
[EventType "tourn (corr)"]
[EventRounds "10"]
[EventCountry "GER"]
[SourceTitle "Telechess CBM 165"]
[Source "ChessBase"]
[SourceDate "2015.03.11"]
[SourceVersion "1"]
[SourceVersionDate "2015.03.11"]
[SourceQuality "1"]

1. e4 e5 2. Nf3 Nc6 3. Bb5 Bd6 4. 0-0 a6 5. Ba4 b5 6. Bb3 Bb7 7. d3 Nf6 8. a4 h6 9. c3 0-0 10. Nh4 Ne7 11. Qf3 Nh7 12. Be3 c5 13. Nd2 Kh8 14. Bxf7 Nf6 15. Bh5 bxa4 16. Qe2 Bc7 17. Ng6+ Nxg6 18. Bxg6 d6 19. Rxa4 Bc6 20. Raa1 a5 21. f4 exf4 22. Bxf4 Qe7 23. Qe3 Be8 24. Bxe8 Raxe8 25. Qh3 d5 26. Bg5 Qd6 27. Bxf6 Rxf6 28. exd5 Rxf1+ 29. Rxf1 Qxd5 30. Qf5 Qd6 31. g3 a4 32. Qf7 Qc6 33. Ne4 Bd8 34. Re1 Rg8 35. Re2 Qb5 36. Rd2 Qc6 37. h4 Re8 38. Re2 Rg8 39. Kh2 Re8 40. Kg2 Bc7 41. Kg1 Rb8 42. h5 Rg8 43. Qg6 Qxg6 44. hxg6 Re8 45. Rf2 Kg8 46. Rf7 Bd8 47. Kf2 Be7 48. c4 Bf8 49. Ra7 Re6 50. Rxa4 Rxg6 51. d4 Rb6 52. dxc5 Rxb2+ 53. Ke3 Rb7 54. c6 Rc7 55. Ra6 Kf7 56. Kd4 Ke6 57. Nc3 Bd6 58. Nd5 Be5+ 59. Ke4 1-0

[Event "BI-2012-P-00033"]
[Site "LSS email"]
[Date "2012.04.20"]
[Round "?"]
[White "Daenen, Serge"]
[Black "Milde, Lars"]
[Result "1-0"]
[WhiteElo "2096"]
[BlackElo "1886"]
[PlyCount "163"]
[EventDate "2012.04.22"]
[EventType "tourn (corr)"]
[EventRounds "10"]
[EventCountry "GER"]
[SourceTitle "Telechess CBM 165"]
[Source "ChessBase"]
[SourceDate "2015.03.11"]
[SourceVersion "1"]
[SourceVersionDate "2015.03.11"]
[SourceQuality "1"]

1. d4 d5 2. c4 e6 3. Nc3 Nf6 4. cxd5 exd5 5. Bg5 c6 6. e3 Be7 7. Bd3 Nbd7 8. Nge2 0-0 9. Qc2 Re8 10. f3 h6 11. Bh4 Qc7 12. Bf2 c5 13. 0-0 a6 14. dxc5 Nxc5 15. Nf4 Be6 16. Nxe6 Nxe6 17. Ne2 Qb6 18. Rfc1 Bc5 19. Nd4 Bxd4 20. exd4 Nh5 21. Qd2 Nhf4 22. Bf1 Qd8 23. Rc3 Qd7 24. Rac1 Ng6 25. Bd3 Nef4 26. Bf1 Ne6 27. g3 Ne7 28. Bh3 Nc6 29. f4 Qd8 30. a3 Qf6 31. Bf1 h5 32. Re1 g6 33. Bg2 Rad8 34. Rce3 h4 35. gxh4 Qxd4 36. Rd3 Qf6 37. Bb6 Rc8 38. f5 gxf5 39. Rxd5 f4 40. Qf2 Ne7 41. Rd2 Ng6 42. Bxb7 Rb8 43. Bd5 Nxh4 44. Kh1 Ng7 45. Bd4 Rxe1+ 46. Qxe1 Qg5 47. Bc3 Rd8 48. Bc4 Rd6 49. Qf2 Rg6 50. Bd5 Nhf5 51. Qa7 Nd6 52. Bf3 Nb5 53. Qa8+ Kh7 54. Rg2 Qc5 55. Be4 Nxc3 56. Bxg6+ fxg6 57. bxc3 Qxc3 58. Qe4 Qa1+ 59. Rg1 Qf6 60. Rd1 Nh5 61. a4 a5 62. Rc1 Qd6 63. Re1 Ng7 64. Kg2 Nf5 65. Rb1 Kg7 66. Kf3 Kf6 67. Ke2 Kg7 68. Rb2 Kf6 69. Ke1 Qa3 70. Rc2 Qa1+ 71. Kf2 Kg5 72. h3 Qa3 73. Kg1 Qd6 74. Rc6 Qb8 75. Qe2 Qb1+ 76. Kh2 Kh6 77. Qg4 Qb2+ 78. Qg2 Qg7 79. h4 Nxh4 80. Qg4 Qe7 81. Re6 Qd8 82. Kh3 1-0

[Event "BI-2012-P-00033"]
[Site "LSS email"]
[Date "2012.04.20"]
[Round "?"]
[White "Daenen, Serge"]
[Black "Von der Heydt, Hans Joachim"]
[Result "1/2-1/2"]
[WhiteElo "2096"]
[BlackElo "2043"]
[PlyCount "71"]
[EventDate "2012.04.22"]
[EventType "tourn (corr)"]
[EventRounds "10"]
[EventCountry "GER"]
[SourceTitle "Telechess CBM 165"]
[Source "ChessBase"]
[SourceDate "2015.03.11"]
[SourceVersion "1"]
[SourceVersionDate "2015.03.11"]
[SourceQuality "1"]

1. d4 Nf6 2. c4 g6 3. Nc3 Bg7 4. e4 d6 5. f3 0-0 6. Be3 e5 7. Nge2 c6 8. Qd2 Nbd7 9. d5 cxd5 10. cxd5 a6 11. g4 h5 12. g5 Nh7 13. h4 b5 14. Bg2 Rb8 15. Ng3 Nc5 16. b4 Nd7 17. a4 Nb6 18. axb5 Nc4 19. Qe2 axb5 20. Ba7 Rb7 21. Nxb5 Bd7 22. Qxc4 Bxb5 23. Qc1 Rc7 24. Qa3 f6 25. Bb6 fxg5 26. Bf1 gxh4 27. Nxh5 Ng5 28. Bxb5 Nxf3+ 29. Kd1 gxh5 30. Be2 Nd4 31. Qe3 Qb8 32. Bxc7 Qxc7 33. Ra2 Nxe2 34. Rxe2 Qc4 35. Rg1 Rf7 36. Rf2 1/2-1/2

[Event "BI-2012-P-00033"]
[Site "LSS email"]
[Date "2012.04.20"]
[Round "?"]
[White "Kobryn, Wieslaw"]
[Black "Daenen, Serge"]
[Result "1/2-1/2"]
[WhiteElo "1877"]
[BlackElo "2096"]
[PlyCount "86"]
[EventDate "2012.04.22"]
[EventType "tourn (corr)"]
[EventRounds "10"]
[EventCountry "GER"]
[SourceTitle "Telechess CBM 165"]
[Source "ChessBase"]
[SourceDate "2015.03.11"]
[SourceVersion "1"]
[SourceVersionDate "2015.03.11"]
[SourceQuality "1"]

1. e4 e5 2. Nf3 Nc6 3. Bb5 Bd6 4. 0-0 a6 5. Bxc6 dxc6 6. d4 exd4 7. Qxd4 f6 8. Be3 Ne7 9. Nbd2 Be6 10. Qc3 Ng6 11. Nd4 Qd7 12. Nxe6 Qxe6 13. Qb3 Qxb3 14. axb3 0-0-0 15. Rfd1 Rd7 16. g3 Ne5 17. Nf1 Ng4 18. f3 Nxe3 19. Nxe3 h5 20. Kg2 g5 21. c3 Rhd8 22. Kf2 h4 23. b4 Rh7 24. Nf5 hxg3+ 25. hxg3 Rh2+ 26. Ke3 Rxb2 27. f4 Rb3 28. Nxd6+ cxd6 29. Kd3 Rb2 30. Rd2 Rxd2+ 31. Kxd2 gxf4 32. gxf4 d5 33. Kd3 Kd7 34. Kd4 dxe4 35. Kxe4 Ke6 36. Rh1 b6 37. c4 a5 38. f5+ Ke7 39. c5 bxc5 40. bxa5 Rd4+ 41. Kf3 Ra4 42. Re1+ Kd7 43. Re6 c4 1/2-1/2

[Event "BI-2012-P-00033"]
[Site "LSS email"]
[Date "2012.04.20"]
[Round "?"]
[White "Petersen, Hans"]
[Black "Daenen, Serge"]
[Result "0-1"]
[WhiteElo "1584"]
[BlackElo "2096"]
[PlyCount "78"]
[EventDate "2012.04.22"]
[EventType "tourn (corr)"]
[EventRounds "10"]
[EventCountry "GER"]
[SourceTitle "Telechess CBM 165"]
[Source "ChessBase"]
[SourceDate "2015.03.11"]
[SourceVersion "1"]
[SourceVersionDate "2015.03.11"]
[SourceQuality "1"]

1. d4 f5 2. g3 g6 3. Bg2 Nf6 4. c4 Bg7 5. Nc3 0-0 6. Nf3 d6 7. 0-0 a5 8. Bg5 h6 9. Bxf6 Bxf6 10. Qd2 Kh7 11. b3 e6 12. Rac1 Bg7 13. Rfd1 Qe7 14. d5 e5 15. Nb5 b6 16. Qe3 f4 17. gxf4 Rxf4 18. Nfd4 Na6 19. Nc3 h5 20. Ne6 Bh6 21. Nxf4 Bxf4 22. Qd3 Qh4 23. Kf1 Nb4 24. Qe4 Bf5 25. Qf3 Bg4 26. Qe4 Qxh2 27. e3 Bg3 28. Ne2 Bh4 29. a3 Rf8 30. f4 Na6 31. Rc3 exf4 32. exf4 Nc5 33. Qe3 Bxe2+ 34. Qxe2 Rxf4+ 35. Rf3 Ne4 36. Rxf4 Ng3+ 37. Kf2 Nxe2+ 38. Rxh4 Qg3+ 39. Kxe2 Qxg2+ 0-1

[Event "BI-2011-F-00003"]
[Site "LSS email"]
[Date "2012.02.12"]
[Round "?"]
[White "Daenen, Serge"]
[Black "Simal Moreira, Leonardo"]
[Result "0-1"]
[WhiteElo "2096"]
[BlackElo "2195"]
[PlyCount "40"]
[EventDate "2012.02.15"]
[EventType "tourn (corr)"]
[EventRounds "10"]
[EventCountry "GER"]
[SourceTitle "Telechess CBM 165"]
[Source "ChessBase"]
[SourceDate "2015.03.11"]
[SourceVersion "1"]
[SourceVersionDate "2015.03.11"]
[SourceQuality "1"]

1. d4 Nf6 2. c4 e6 3. Nc3 d5 4. cxd5 exd5 5. Bg5 c6 6. e3 h6 7. Bh4 Bd6 8. Bd3 0-0 9. Nge2 Re8 10. Qc2 Nbd7 11. 0-0-0 b5 12. Ng3 Nb6 13. Nh5 Be7 14. Nxf6+ Bxf6 15. Bg3 Be6 16. Kb1 Nc4 17. Rhe1 Qa5 18. f3 Rad8 19. Ka1 c5 20. dxc5 Nxb2 0-1